[Event "Stay Safe Play From Home 326"]
[Site "Mustafa Kemal Atatürk"]
[Date "2020.07.23"]
[Round "4"]
[White "Klasman"]
[Black "Trotsky"]
[Result "0-1"]
[WhiteElo "1361"]
[BlackElo "1600"]
[Annotator "NA"]
[PlyCount "42"]
[EventDate "2020.07.23"]
[EventType "swiss (blitz)"]

1. f4 {[%emt 0:00:02]} d5 {[%emt 0:00:01]} 2. Nf3 {[%emt 0:00:01]} e6 {[%emt 0:00:00]} 3. e3 {[%emt 0:00:01]} c5 {[%emt 0:00:01]} 4. c4 {[%emt 0:00:01]} Nc6 {[%emt 0:00:01]} 5. d4 {[%emt 0:00:01]} Nf6 {[%emt 0:00:01]} 6. Nc3 {[%emt 0:00:01]} a6 {[%emt 0:00:01]} 7. cxd5 {[%emt 0:00:02]} exd5 {[%emt 0:00:01]} 8. Ne5 {[%emt 0:00:01]} Qc7 {[%emt 0:00:01]} 9. Bd3 {[%emt 0:00:02]} c4 {[%emt 0:00:01]} 10. Bc2 {[%emt 0:00:02]} Bd6 {[%emt 0:00:01]} 11. O-O {[%emt 0:00:02]} h5 {[%emt 0:00:01]} 12. Qf3 {[%emt 0:00:02]} Be6 {[%emt 0:00:03]} 13. Bd2 {[%emt 0:00:02]} O-O-O {[%emt 0:00:02]} 14. b3 {[%emt 0:00:03]} Nxe5 {[%emt 0:00:01]} 15. fxe5 {[%emt 0:00:02]} Bxe5 {[%emt 0:00:01]} 16. dxe5 {[%emt 0:00:01]} Qxe5 {[%emt 0:00:01]} 17. bxc4 {[%emt 0:00:05]} Ng4 {[%emt 0:00:02]} 18. g3 {[%emt 0:00:03]} h4 {[%emt 0:00:02]} 19. Qf4 {[%emt 0:00:03]} Qh5 {[%emt 0:00:03]} 20. h3 {[%emt 0:00:02]} hxg3 {[%emt 0:00:01]} 21. hxg4 {[%emt 0:00:02]} Qh2# {[%emt 0:00:01] (Lag: Av=0.29s, max=0.3s)} 0-1

[Event "Stay Safe Play From Home 326"]
[Site "Mustafa Kemal Atatürk"]
[Date "2020.07.23"]
[Round "5"]
[White "AChessPlayer"]
[Black "Broken sword"]
[Result "1/2-1/2"]
[WhiteElo "2335"]
[BlackElo "2478"]
[Annotator "TA"]
[PlyCount "141"]
[EventDate "2020.07.23"]
[EventType "swiss (blitz)"]

{[%evp 9,141,10,12,8,18,19,40,33,44,37,45,38,50,44,40,19,43,29,45,35,50,16,19,16,21,16,30,6,27,-7,5,2,20,-3,26,16,31,0,16,-22,51,-31,-3,-37,-27,-64,-20,-31,12,-10,-13,-14,455,-39,-39,-40,-13,-25,-29,-39,-25,-29,0,0,0,0,0,0,0,0,6,0,6,6,9,6,6,0,0,0,0,0,0,0,26,22,23,22,22,0,0,0,0,0,0,0,0,0,0,0,2,2,18,0,18,18,18,18,18,18,18,18,18,0,18,0,18,-14,18,0,18,0,18,0,18,0,18,0,18,0,18,0,18,0]} 1. Nf3 d5 2. c3 c6 3. d4 Nf6 4. Bf4 Bg4 5. e3 Qb6 6. Qb3 {D02: 1 d4 d5 2 Nf3 sidelines, including 2...Nf6 3 g3 and 2...Nf6 3 Bf4.} Nbd7 7. Nbd2 e6 8. h3 {White is slightly better.} Bh5 9. g4 Bg6 10. Nh4 Be7 {[#]} 11. Nxg6 $146 ({Predecessor:} 11. Be2 Be4 12. f3 Nh5 13. Qxb6 Bxh4+ 14. Kd1 axb6 15. gxh5 Bf5 16. e4 e5 17. dxe5 dxe4 {0-1 (39) Bohn,U (2185)-Graczyk,D (2066) Lubbock 2018}) 11... hxg6 12. Bg2 O-O 13. O-O Rfe8 14. Bg3 Bd8 15. a4 Qxb3 16. Nxb3 Rc8 17. f3 Bc7 18. Bf2 e5 19. Rfe1 exd4 20. exd4 Bd6 21. Rad1 b6 22. Nc1 Nf8 23. Nd3 Ne6 24. Be3 Nd7 (24... g5 $11) 25. Bd2 (25. f4 $14) 25... Bg3 26. Re2 g5 27. Kf1 Kf8 28. Be1 Bf4 29. Bf2 Bd6 30. Rde1 f6 $2 {[%mdl 8192] [#]} (30... Nf6 $11) 31. Be3 $2 (31. Rxe6 $18 Rxe6 32. Rxe6) 31... Kf7 $15 32. Bf2 Rcd8 33. b4 Ndf8 34. b5 cxb5 35. axb5 Nf4 (35... Ng6 {is more complex.} 36. Ra1 Bb8 37. Be1 Ngf4 38. Nxf4 Nxf4 39. Rxe8 Rxe8 40. Bg3 Re3) 36. Nxf4 Bxf4 37. Rxe8 Rxe8 38. Rxe8 Kxe8 $11 {[%mdl 4096] Endgame KBB-KBN} 39. Ke2 Kd7 40. Kd3 Ne6 41. Bf1 Kd6 42. Be2 Nc7 43. c4 dxc4+ 44. Kxc4 Nd5 45. Bd3 Be3 46. Be1 Bf4 47. Be4 Ne3+ 48. Kd3 Ng2 {The position is equal.} 49. Bf2 (49. Bb4+ {looks sharper.} Ke6 50. Bf5+ Kf7 51. Bd7 Bg3 52. Ke4) 49... Nh4 (49... Bc1 {with more complications.} 50. Ba8 Bf4 51. Ke4 Bh2 52. Bb7 Bf4) 50. Bxh4 (50. Bb7 {is interesting.} Ng2 51. Ba8 Bh2 52. Ke4 Bf4 53. h4) 50... gxh4 {KB-KB} 51. Kc4 Be3 52. Bb7 Bf2 53. Kd3 Bg3 54. Ke4 g6 55. f4 Bf2 56. f5 g5 57. Kd3 Bg3 58. Kc4 Bh2 59. Bf3 Bg1 60. Bg2 Bf2 61. Bf3 Be3 62. Bg2 Bf4 63. Bc6 Bg3 64. Bg2 Bh2 65. Bf3 Bg1 66. Bg2 Bf2 67. Bf3 Be3 68. Bg2 Bf4 69. Bf3 Bg3 70. Bg2 Bh2 71. Bf3 {Accuracy: White = 81%, Black = 81%.} 1/2-1/2

[Event "Stay Safe Play From Home 326"]
[Site "Mustafa Kemal Atatürk"]
[Date "2020.07.23"]
[Round "5"]
[White "Lamborghini"]
[Black "SelamiSahin"]
[Result "1/2-1/2"]
[WhiteElo "2196"]
[BlackElo "2006"]
[PlyCount "117"]
[EventDate "2020.07.23"]
[EventType "swiss (blitz)"]

1. e4 {[%emt 0:00:02]} c6 {[%emt 0:00:00]} 2. d4 {[%emt 0:00:02]} d5 {[%emt 0:00:00]} 3. Nc3 {[%emt 0:00:00]} dxe4 {[%emt 0:00:00]} 4. Nxe4 {[%emt 0:00:00]} Nf6 {[%emt 0:00:00]} 5. Nxf6+ {[%emt 0:00:00]} exf6 {[%emt 0:00:00]} 6. Bc4 {[%emt 0:00:01]} Bd6 {[%emt 0:00:00]} 7. Qe2+ {[%emt 0:00:01]} Qe7 {[%emt 0:00:00]} 8. Qxe7+ {[%emt 0:00:00]} Bxe7 {[%emt 0:00:00]} 9. a3 {[%emt 0:00:01]} O-O {[%emt 0:00:00]} 10. Ne2 {[%emt 0:00:01]} Re8 {[%emt 0:00:01]} 11. O-O {[%emt 0:00:01]} Be6 {[%emt 0:00:01]} 12. Bd3 {[%emt 0:00:01]} Bd6 {[%emt 0:00:01]} 13. c4 {[%emt 0:00:01]} Nd7 {[%emt 0:00:01]} 14. h3 {[%emt 0:00:01]} a6 {[%emt 0:00:01]} 15. b3 {[%emt 0:00:01]} b5 {[%emt 0:00:01]} 16. Bd2 {[%emt 0:00:04]} Rab8 {[%emt 0:00:03]} 17. Rfc1 {[%emt 0:00:02]} Rec8 {[%emt 0:00:02]} 18. Nc3 {[%emt 0:00:03]} bxc4 {[%emt 0:00:02]} 19. bxc4 {[%emt 0:00:00]} Rb2 {[%emt 0:00:00]} 20. Be3 {[%emt 0:00:02]} Rb3 {[%emt 0:00:01]} 21. Ne4 {[%emt 0:00:01]} Bxa3 {[%emt 0:00:01]} 22. Bc2 {[%emt 0:00:02]} Bxc1 {[%emt 0:00:01]} 23. Bxb3 {[%emt 0:00:01]} Bxe3 {[%emt 0:00:01]} 24. fxe3 {[%emt 0:00:00]} Ra8 {[%emt 0:00:04]} 25. Ra5 {[%emt 0:00:02]} Nb6 {[%emt 0:00:01]} 26. Nd6 {[%emt 0:00:01]} Kf8 {[%emt 0:00:03]} 27. e4 {[%emt 0:00:01]} Ke7 {[%emt 0:00:01]} 28. e5 {[%emt 0:00:06]} fxe5 {[%emt 0:00:01]} 29. dxe5 {[%emt 0:00:00]} f6 {[%emt 0:00:00]} 30. exf6+ {[%emt 0:00:02]} Kxd6 {[%emt 0:00:01]} 31. c5+ {[%emt 0:00:01]} Kd7 {[%emt 0:00:07]} 32. Bxe6+ {[%emt 0:00:01]} Kxe6 {[%emt 0:00:00]} 33. cxb6 {[%emt 0:00:00]} Kxf6 {[%emt 0:00:01]} 34. b7 {[%emt 0:00:01]} Rb8 {[%emt 0:00:01]} 35. Rxa6 {[%emt 0:00:00]} Rxb7 {[%emt 0:00:00]} 36. Rxc6+ {[%emt 0:00:00]} Kf7 {[%emt 0:00:01]} 37. Kh2 {[%emt 0:00:00]} Re7 {[%emt 0:00:00]} 38. Rc3 {[%emt 0:00:01]} Re6 {[%emt 0:00:00]} 39. Rf3+ {[%emt 0:00:00]} Rf6 {[%emt 0:00:00]} 40. Rc3 {[%emt 0:00:00]} Re6 {[%emt 0:00:01]} 41. Rg3 {[%emt 0:00:00]} Re7 {[%emt 0:00:00]} 42. h4 {[%emt 0:00:01]} Re6 {[%emt 0:00:00]} 43. Rf3+ {[%emt 0:00:00]} Rf6 {[%emt 0:00:00]} 44. Re3 {[%emt 0:00:01]} h6 {[%emt 0:00:00]} 45. Kg3 {[%emt 0:00:01]} Kg6 {[%emt 0:00:00]} 46. Re4 {[%emt 0:00:01]} Kf7 {[%emt 0:00:00]} 47. Kg4 {[%emt 0:00:00]} Kg6 {[%emt 0:00:00]} 48. g3 {[%emt 0:00:00]} Kf7 {[%emt 0:00:00]} 49. h5 {[%emt 0:00:00]} Kg8 {[%emt 0:00:01]} 50. Re5 {[%emt 0:00:01]} Kh7 {[%emt 0:00:00]} 51. Rf5 {[%emt 0:00:01]} Rxf5 {[%emt 0:00:01]} 52. Kxf5 {[%emt 0:00:01]} Kh8 {[%emt 0:00:00]} 53. Kg6 {[%emt 0:00:01]} Kg8 {[%emt 0:00:00]} 54. g4 {[%emt 0:00:00]} Kf8 {[%emt 0:00:01]} 55. Kf5 {[%emt 0:00:00]} Kf7 {[%emt 0:00:01]} 56. g5 {[%emt 0:00:01]} hxg5 {[%emt 0:00:00]} 57. Kxg5 {[%emt 0:00:00]} Kf8 {[%emt 0:00:00]} 58. h6 {[%emt 0:00:00]} gxh6+ {[%emt 0:00:00]} 59. Kxh6 {[%emt 0:00:01] (Lag: Av=0.50s, max=0.9s)} 1/2-1/2

[Event "Stay Safe Play From Home 326"]
[Site "Mustafa Kemal Atatürk"]
[Date "2020.07.23"]
[Round "5"]
[White "Stefanone"]
[Black "Haxhi Baha"]
[Result "0-1"]
[WhiteElo "2088"]
[BlackElo "2083"]
[PlyCount "118"]
[EventDate "2020.07.23"]
[EventType "swiss (blitz)"]

1. e4 {[%emt 0:00:01]} e6 {[%emt 0:00:01]} 2. d3 {[%emt 0:00:00]} d5 {[%emt 0:00:00]} 3. Nd2 {[%emt 0:00:00]} dxe4 {[%emt 0:00:00]} 4. dxe4 {[%emt 0:00:00]} Nf6 {[%emt 0:00:00]} 5. Ngf3 {[%emt 0:00:00]} b6 {[%emt 0:00:00]} 6. Be2 {[%emt 0:00:00]} Bb7 {[%emt 0:00:01]} 7. O-O {[%emt 0:00:01]} Nxe4 {[%emt 0:00:01]} 8. Nxe4 {[%emt 0:00:00]} Qxd1 {[%emt 0:00:01]} 9. Rxd1 {[%emt 0:00:00]} Bxe4 {[%emt 0:00:01]} 10. c3 {[%emt 0:00:01]} Be7 {[%emt 0:00:01]} 11. Bf4 {[%emt 0:00:01]} c6 {[%emt 0:00:03]} 12. Ne5 {[%emt 0:00:01]} f6 {[%emt 0:00:01]} 13. Nf3 {[%emt 0:00:02]} Nd7 {[%emt 0:00:01]} 14. Ne1 {[%emt 0:00:03]} e5 {[%emt 0:00:01]} 15. Bg3 {[%emt 0:00:01]} O-O-O {[%emt 0:00:03]} 16. f3 {[%emt 0:00:01]} Bd5 {[%emt 0:00:02]} 17. Nd3 {[%emt 0:00:01]} Nc5 {[%emt 0:00:02]} 18. Nb4 {[%emt 0:00:01]} Be6 {[%emt 0:00:01]} 19. f4 {[%emt 0:00:02]} Rxd1+ {[%emt 0:00:02]} 20. Rxd1 {[%emt 0:00:01]} Ne4 {[%emt 0:00:01]} 21. Bf3 {[%emt 0:00:02]} Bc5+ {[%emt 0:00:01]} 22. Kf1 {[%emt 0:00:02]} Nxg3+ {[%emt 0:00:01]} 23. hxg3 {[%emt 0:00:00]} exf4 {[%emt 0:00:01]} 24. Nxc6 {[%emt 0:00:01]} Kc7 {[%emt 0:00:02]} 25. Nd4 {[%emt 0:00:01]} Bxd4 {[%emt 0:00:01]} 26. cxd4 {[%emt 0:00:00]} fxg3 {[%emt 0:00:00]} 27. d5 {[%emt 0:00:01]} Rd8 {[%emt 0:00:02]} 28. Rc1+ {[%emt 0:00:01]} Kd6 {[%emt 0:00:03]} 29. dxe6 {[%emt 0:00:01]} Kxe6 {[%emt 0:00:00]} 30. Re1+ {[%emt 0:00:01]} Kf5 {[%emt 0:00:01]} 31. Be4+ {[%emt 0:00:01]} Kf4 {[%emt 0:00:01]} 32. Bxh7 {[%emt 0:00:02]} Rd2 {[%emt 0:00:01]} 33. Re2 {[%emt 0:00:02]} Rd1+ {[%emt 0:00:01]} 34. Re1 {[%emt 0:00:01]} Rd2 {[%emt 0:00:01]} 35. Kg1 {[%emt 0:00:01]} Rxb2 {[%emt 0:00:01]} 36. Rf1+ {[%emt 0:00:01]} Kg5 {[%emt 0:00:01]} 37. Bd3 {[%emt 0:00:01]} g6 {[%emt 0:00:02]} 38. Bc4 {[%emt 0:00:01]} f5 {[%emt 0:00:01]} 39. Rd1 {[%emt 0:00:01]} f4 {[%emt 0:00:01]} 40. Rd5+ {[%emt 0:00:01]} Kf6 {[%emt 0:00:01]} 41. Rd1 {[%emt 0:00:00]} b5 {[%emt 0:00:04]} 42. Bd3 {[%emt 0:00:03]} a5 {[%emt 0:00:00]} 43. Be4 {[%emt 0:00:01]} b4 {[%emt 0:00:01]} 44. Kf1 {[%emt 0:00:00]} Rxa2 {[%emt 0:00:00]} 45. Rd6+ {[%emt 0:00:02]} Ke5 {[%emt 0:00:02]} 46. Rxg6 {[%emt 0:00:04]} Kxe4 {[%emt 0:00:00]} 47. Ke1 {[%emt 0:00:01]} Kd3 {[%emt 0:00:01]} 48. Rd6+ {[%emt 0:00:02]} Ke3 {[%emt 0:00:00]} 49. Kd1 {[%emt 0:00:01]} Ra1+ {[%emt 0:00:01]} 50. Kc2 {[%emt 0:00:00]} Ra2+ {[%emt 0:00:00]} 51. Kb3 {[%emt 0:00:01]} Rxg2 {[%emt 0:00:00]} 52. Re6+ {[%emt 0:00:00]} Kf3 {[%emt 0:00:00]} 53. Ra6 {[%emt 0:00:00]} Rg1 {[%emt 0:00:00]} 54. Kc4 {[%emt 0:00:00]} Rc1+ {[%emt 0:00:01]} 55. Kb3 {[%emt 0:00:01]} g2 {[%emt 0:00:00]} 56. Kb2 {[%emt 0:00:00]} g1=Q {[%emt 0:00:02]} 57. Rg6 {[%emt 0:00:00]} Qd4+ {[%emt 0:00:01]} 58. Kb3 {[%emt 0:00:02]} Qc4+ {[%emt 0:00:00]} 59. Ka4 {[%emt 0:00:00]} Ra1# {[%emt 0:00:00] (Lag: Av=0.90s, max=1.5s)} 0-1

[Event "Stay Safe Play From Home 326"]
[Site "Mustafa Kemal Atatürk"]
[Date "2020.07.23"]
[Round "5"]
[White "NeatFox"]
[Black "SoulofWolf"]
[Result "0-1"]
[WhiteElo "1808"]
[BlackElo "2058"]
[PlyCount "68"]
[EventDate "2020.07.23"]
[EventType "swiss (blitz)"]

1. g4 {[%emt 0:00:01]} d5 {[%emt 0:00:00]} 2. Bg2 {[%emt 0:00:00]} c5 {[%emt 0:00:00]} 3. c4 {[%emt 0:00:00]} e6 {[%emt 0:00:00]} 4. cxd5 {[%emt 0:00:00]} exd5 {[%emt 0:00:00]} 5. Qb3 {[%emt 0:00:00]} Be6 {[%emt 0:00:00]} 6. Qxb7 {[%emt 0:00:01]} Nd7 {[%emt 0:00:00]} 7. Nc3 {[%emt 0:00:00]} Rb8 {[%emt 0:00:01]} 8. Qxa7 {[%emt 0:00:01]} Ngf6 {[%emt 0:00:00]} 9. g5 {[%emt 0:00:01]} Nh5 {[%emt 0:00:03]} 10. d3 {[%emt 0:00:02]} Be7 {[%emt 0:00:01]} 11. h4 {[%emt 0:00:01]} O-O {[%emt 0:00:02]} 12. Nxd5 {[%emt 0:00:01]} Bd6 {[%emt 0:00:02]} 13. Ne3 {[%emt 0:00:05]} Nf4 {[%emt 0:00:04]} 14. Bf3 {[%emt 0:00:02]} Nb6 {[%emt 0:00:05]} 15. Qa5 {[%emt 0:00:02]} c4 {[%emt 0:00:03]} 16. Bd2 {[%emt 0:00:05]} cxd3 {[%emt 0:00:02]} 17. exd3 {[%emt 0:00:00]} Nxd3+ {[%emt 0:00:01]} 18. Kf1 {[%emt 0:00:00]} Nxb2 {[%emt 0:00:03]} 19. Rb1 {[%emt 0:00:01]} N6c4 {[%emt 0:00:02]} 20. Nxc4 {[%emt 0:00:01]} Bxc4+ {[%emt 0:00:01]} 21. Kg2 {[%emt 0:00:01]} Nd3 {[%emt 0:00:03]} 22. Qxd8 {[%emt 0:00:02]} Rfxd8 {[%emt 0:00:04]} 23. Be3 {[%emt 0:00:01]} Rxb1 {[%emt 0:00:01]} 24. Nh3 {[%emt 0:00:06]} Rxh1 {[%emt 0:00:01]} 25. Kxh1 {[%emt 0:00:01]} Bxa2 {[%emt 0:00:00]} 26. Kg2 {[%emt 0:00:01]} Ne5 {[%emt 0:00:01]} 27. Bb6 {[%emt 0:00:04]} Rb8 {[%emt 0:00:02]} 28. Bd4 {[%emt 0:00:01]} Nxf3 {[%emt 0:00:01]} 29. Kxf3 {[%emt 0:00:00]} Bd5+ {[%emt 0:00:00]} 30. Kg4 {[%emt 0:00:02]} Rb3 {[%emt 0:00:00]} 31. f3 {[%emt 0:00:01]} Be6+ {[%emt 0:00:01]} 32. Kh5 {[%emt 0:00:03]} g6+ {[%emt 0:00:01]} 33. Kh6 {[%emt 0:00:01]} Bf8+ {[%emt 0:00:01]} 34. Bg7 {[%emt 0:00:02]} Bxg7# {[%emt 0:00:00] (Lag: Av=0.36s, max=0.9s)} 0-1

[Event "Stay Safe Play From Home 326"]
[Site "Mustafa Kemal Atatürk"]
[Date "2020.07.23"]
[Round "5"]
[White "Trotsky"]
[Black "Mandy"]
[Result "1-0"]
[WhiteElo "1607"]
[BlackElo "870"]
[Annotator "NA"]
[PlyCount "31"]
[EventDate "2020.07.23"]
[EventType "swiss (blitz)"]

1. d4 {[%emt 0:00:01]} d5 {[%emt 0:00:02]} 2. e3 {[%emt 0:00:00]} c6 {[%emt 0:00:01]} 3. c4 {[%emt 0:00:01]} Bf5 {[%emt 0:00:02]} 4. Nc3 {[%emt 0:00:01]} Nf6 {[%emt 0:00:01]} 5. c5 {[%emt 0:00:01]} e6 {[%emt 0:00:01]} 6. Bd3 {[%emt 0:00:01]} Bg6 {[%emt 0:00:04]} 7. Qc2 {[%emt 0:00:01]} Be7 {[%emt 0:00:02]} 8. h4 {[%emt 0:00:01]} Bxd3 {[%emt 0:00:02]} 9. Qxd3 {[%emt 0:00:01]} Nbd7 {[%emt 0:00:06]} 10. Nh3 {[%emt 0:00:01]} b6 {[%emt 0:00:01]} 11. Bd2 {[%emt 0:00:01]} O-O {[%emt 0:00:04]} 12. Ng5 {[%emt 0:00:01]} g6 {[%emt 0:00:10]} 13. e4 {[%emt 0:00:03]} Ng4 {[%emt 0:00:07]} 14. e5 {[%emt 0:00:03]} Bxg5 {[%emt 0:00:03]} 15. hxg5 {[%emt 0:00:02]} f5 {[%emt 0:00:08]} 16. f3 {[%emt 0:00:01] Zeit (Lag: Av=0.42s, max=0.9s)} 1-0

[Event "Stay Safe Play From Home 326"]
[Site "Mustafa Kemal Atatürk"]
[Date "2020.07.23"]
[Round "5"]
[White "Meini"]
[Black "Edmatuag"]
[Result "0-1"]
[WhiteElo "1588"]
[BlackElo "1664"]
[Annotator "NA"]
[PlyCount "90"]
[EventDate "2020.07.23"]
[EventType "swiss (blitz)"]

1. d4 {[%emt 0:00:01]} d6 {[%emt 0:00:00]} 2. Bf4 {[%emt 0:00:01]} Nf6 {[%emt 0:00:00]} 3. e3 {[%emt 0:00:00]} Nbd7 {[%emt 0:00:01]} 4. Nf3 {[%emt 0:00:00]} e5 {[%emt 0:00:01]} 5. h3 {[%emt 0:00:00]} exf4 {[%emt 0:00:02]} 6. exf4 {[%emt 0:00:01]} b6 {[%emt 0:00:02]} 7. g3 {[%emt 0:00:00]} Bb7 {[%emt 0:00:01]} 8. Bg2 {[%emt 0:00:00]} Nd5 {[%emt 0:00:01]} 9. O-O {[%emt 0:00:01]} N7f6 {[%emt 0:00:02]} 10. Re1+ {[%emt 0:00:02]} Ne7 {[%emt 0:00:01]} 11. Qe2 {[%emt 0:00:01]} g6 {[%emt 0:00:02]} 12. c3 {[%emt 0:00:01]} Qd7 {[%emt 0:00:01]} 13. Nbd2 {[%emt 0:00:01]} O-O-O {[%emt 0:00:01]} 14. Ng5 {[%emt 0:00:01]} Nf5 {[%emt 0:00:03]} 15. Nge4 {[%emt 0:00:04]} Nxe4 {[%emt 0:00:02]} 16. Nxe4 {[%emt 0:00:02]} Re8 {[%emt 0:00:01]} 17. Qf3 {[%emt 0:00:05]} Rxe4 {[%emt 0:00:02]} 18. Rxe4 {[%emt 0:00:01]} Bxe4 {[%emt 0:00:03]} 19. Qxe4 {[%emt 0:00:01]} c6 {[%emt 0:00:00]} 20. Qxc6+ {[%emt 0:00:01]} Qxc6 {[%emt 0:00:01]} 21. Bxc6 {[%emt 0:00:00]} Kc7 {[%emt 0:00:01]} 22. Bf3 {[%emt 0:00:02]} Bg7 {[%emt 0:00:01]} 23. Re1 {[%emt 0:00:01]} Kd7 {[%emt 0:00:02]} 24. g4 {[%emt 0:00:01]} Nh6 {[%emt 0:00:01]} 25. Kg2 {[%emt 0:00:01]} Re8 {[%emt 0:00:01]} 26. Rxe8 {[%emt 0:00:01]} Kxe8 {[%emt 0:00:01]} 27. Be4 {[%emt 0:00:01]} f5 {[%emt 0:00:02]} 28. Bf3 {[%emt 0:00:04]} fxg4 {[%emt 0:00:02]} 29. hxg4 {[%emt 0:00:01]} Nf7 {[%emt 0:00:00]} 30. Bd5 {[%emt 0:00:02]} Ke7 {[%emt 0:00:01]} 31. f3 {[%emt 0:00:01]} Nd8 {[%emt 0:00:00]} 32. Be4 {[%emt 0:00:01]} Ne6 {[%emt 0:00:01]} 33. f5 {[%emt 0:00:01]} Nf4+ {[%emt 0:00:02]} 34. Kg3 {[%emt 0:00:02]} g5 {[%emt 0:00:00]} 35. Bc2 {[%emt 0:00:04]} d5 {[%emt 0:00:01]} 36. f6+ {[%emt 0:00:02]} Bxf6 {[%emt 0:00:01]} 37. Bxh7 {[%emt 0:00:00]} Kd6 {[%emt 0:00:01]} 38. Bg8 {[%emt 0:00:01]} b5 {[%emt 0:00:02]} 39. b3 {[%emt 0:00:01]} a5 {[%emt 0:00:01]} 40. Kf2 {[%emt 0:00:00]} b4 {[%emt 0:00:01]} 41. cxb4 {[%emt 0:00:02]} Bxd4+ {[%emt 0:00:01]} 42. Ke1 {[%emt 0:00:01]} axb4 {[%emt 0:00:00]} 43. Kd2 {[%emt 0:00:00]} Bc3+ {[%emt 0:00:00]} 44. Kc2 {[%emt 0:00:01]} Ke5 {[%emt 0:00:00]} 45. Bf7 {[%emt 0:00:02]} Kd4 {[%emt 0:00:00] Zeit (Lag: Av=0.53s, max=1.1s)} 0-1

[Event "Stay Safe Play From Home 326"]
[Site "Mustafa Kemal Atatürk"]
[Date "2020.07.23"]
[Round "6"]
[White "Broken sword"]
[Black "Mepe_Nika"]
[Result "0-1"]
[WhiteElo "2471"]
[BlackElo "2364"]
[PlyCount "128"]
[EventDate "2020.07.23"]
[EventType "swiss (blitz)"]

1. e4 {[%emt 0:00:01]} e5 {[%emt 0:00:02]} 2. Nf3 {[%emt 0:00:01]} Nc6 {[%emt 0:00:00]} 3. Bb5 {[%emt 0:00:01]} Nf6 {[%emt 0:00:00]} 4. Nc3 {[%emt 0:00:01]} d6 {[%emt 0:00:02]} 5. h3 {[%emt 0:00:01]} g6 {[%emt 0:00:01]} 6. d3 {[%emt 0:00:01]} Bg7 {[%emt 0:00:00]} 7. Bg5 {[%emt 0:00:01]} O-O {[%emt 0:00:01]} 8. Qd2 {[%emt 0:00:01]} a6 {[%emt 0:00:03]} 9. Bxc6 {[%emt 0:00:01]} bxc6 {[%emt 0:00:00]} 10. Bh6 {[%emt 0:00:00]} Rb8 {[%emt 0:00:01]} 11. Bxg7 {[%emt 0:00:01]} Kxg7 {[%emt 0:00:00]} 12. b3 {[%emt 0:00:00]} Be6 {[%emt 0:00:01]} 13. O-O {[%emt 0:00:01]} Nd7 {[%emt 0:00:02]} 14. Rfe1 {[%emt 0:00:01]} h6 {[%emt 0:00:00]} 15. d4 {[%emt 0:00:01]} f6 {[%emt 0:00:01]} 16. Rad1 {[%emt 0:00:01]} Qe7 {[%emt 0:00:01]} 17. Ne2 {[%emt 0:00:01]} Bf7 {[%emt 0:00:01]} 18. Ng3 {[%emt 0:00:01]} Kh7 {[%emt 0:00:02]} 19. Qc3 {[%emt 0:00:01]} c5 {[%emt 0:00:02]} 20. dxc5 {[%emt 0:00:00]} Nxc5 {[%emt 0:00:00]} 21. Rd2 {[%emt 0:00:02]} Ne6 {[%emt 0:00:00]} 22. Ne2 {[%emt 0:00:01]} Rfd8 {[%emt 0:00:01]} 23. Red1 {[%emt 0:00:01]} Rb6 {[%emt 0:00:02]} 24. Qe3 {[%emt 0:00:01]} Nc5 {[%emt 0:00:02]} 25. Ne1 {[%emt 0:00:01]} Ne6 {[%emt 0:00:01]} 26. Nd3 {[%emt 0:00:01]} Rbb8 {[%emt 0:00:01]} 27. Nb2 {[%emt 0:00:01]} Rd7 {[%emt 0:00:01]} 28. Nc4 {[%emt 0:00:01]} Rbd8 {[%emt 0:00:01]} 29. Na5 {[%emt 0:00:00]} Qf8 {[%emt 0:00:04]} 30. Nc6 {[%emt 0:00:01]} Ra8 {[%emt 0:00:02]} 31. Na5 {[%emt 0:00:01]} Nc5 {[%emt 0:00:01]} 32. f3 {[%emt 0:00:01]} Ne6 {[%emt 0:00:01]} 33. Qc3 {[%emt 0:00:01]} Nc5 {[%emt 0:00:01]} 34. Qb2 {[%emt 0:00:02]} Ne6 {[%emt 0:00:01]} 35. Nc4 {[%emt 0:00:01]} Ng5 {[%emt 0:00:01]} 36. Ne3 {[%emt 0:00:01]} Ne6 {[%emt 0:00:01]} 37. Qc3 {[%emt 0:00:01]} Nc5 {[%emt 0:00:01]} 38. Qa1 {[%emt 0:00:02]} a5 {[%emt 0:00:00]} 39. a4 {[%emt 0:00:02]} Ne6 {[%emt 0:00:01]} 40. Qc3 {[%emt 0:00:00]} c5 {[%emt 0:00:01]} 41. Nd5 {[%emt 0:00:01]} Nd4 {[%emt 0:00:01]} 42. Nb6 {[%emt 0:00:02]} Raa7 {[%emt 0:00:02]} 43. Nxd7 {[%emt 0:00:01]} Rxd7 {[%emt 0:00:00]} 44. Qd3 {[%emt 0:00:00]} Kg7 {[%emt 0:00:01]} 45. Nxd4 {[%emt 0:00:01]} cxd4 {[%emt 0:00:01]} 46. Rb1 {[%emt 0:00:00]} Rc7 {[%emt 0:00:01]} 47. Qa6 {[%emt 0:00:02]} Qd8 {[%emt 0:00:01]} 48. Qxa5 {[%emt 0:00:01]} Qc8 {[%emt 0:00:00]} 49. b4 {[%emt 0:00:02]} Rxc2 {[%emt 0:00:01]} 50. Rxc2 {[%emt 0:00:00]} Qxc2 {[%emt 0:00:00]} 51. Rf1 {[%emt 0:00:00]} d3 {[%emt 0:00:01]} 52. Qd8 {[%emt 0:00:03]} d2 {[%emt 0:00:01]} 53. Qxd6 {[%emt 0:00:01]} Bc4 {[%emt 0:00:01]} 54. Ra1 {[%emt 0:00:02]} Qc1+ {[%emt 0:00:02]} 55. Rxc1 {[%emt 0:00:02]} dxc1=Q+ {[%emt 0:00:00]} 56. Kh2 {[%emt 0:00:00]} Bf7 {[%emt 0:00:00]} 57. a5 {[%emt 0:00:01]} Qf4+ {[%emt 0:00:00]} 58. Kg1 {[%emt 0:00:01]} Qe3+ {[%emt 0:00:00]} 59. Kf1 {[%emt 0:00:01]} Qc1+ {[%emt 0:00:01]} 60. Kf2 {[%emt 0:00:01]} Qb2+ {[%emt 0:00:00]} 61. Ke1 {[%emt 0:00:01]} Qa2 {[%emt 0:00:00]} 62. Qc5 {[%emt 0:00:01]} Qa1+ {[%emt 0:00:00]} 63. Kf2 {[%emt 0:00:00]} Qa2+ {[%emt 0:00:00]} 64. Kg1 {[%emt 0:00:00]} Qxg2+ {[%emt 0:00:01] Time (Lag: Av=0.36s, max=0.7s)} 0-1